00568nam a2200193Ia 4500008004100000020001800041082001600059100002500075245002800100250000600128260003900134300001600173500002400189650001000213700003100223942000700254952009600261999001700357230524s9999 xx 000 0 und d a9789384588618 a624.15bKHI aR.K.Khitoliya942905 0aFoundation Engineering a1 aNew Delhib Ik Internationalc2015 a"XIV,586p;" aQuantity Number: 1 aCivil aPardeep Kumar Gupta942906 cBK 00104070aTATCLbTATCLcGENd2023-05-24l0o624.15 KHIp54166r2023-05-24w2023-05-24yBK c57873d57873